000 00182 a2200097 4500
020 _a9780786018291
041 _aeng
100 _aGregg Olsen
245 _aA wicked snow
942 _cBK
999 _c13659
_d13659